Countries with the Smallest North-South Distance - Statistics

General Stats
  • This quiz has been taken 72 times
  • The average score is 17 of 20
Answer Stats
Difference Answer % Correct
<00°01' Vatican City
100%
00°11' Liechtenstein
96%
00°01' Monaco
96%
00°13' Andorra
94%
00°05' San Marino
94%
00°17' Barbados
90%
00°03' Nauru
90%
00°25' Saint Lucia
90%
00°20' Saint Kitts and Nevis
86%
00°50' St. Vincent and the Grenadines
86%
00°32' Grenada
84%
00°44' Luxembourg
82%
00°19' Singapore
82%
00°48' Antigua and Barbuda
80%
00°26' Dominica
76%
00°49' Jamaica
75%
00°18' Malta
75%
00°39' Samoa
75%
00°43' Bahrain
73%
00°47' Gambia
65%
No matching quizzes found
Score Distribution
Percent of People with Each Score
Percentile by Number Answered
Your Score History
You have not taken this quiz